[Event "Challenge"]
[Site "http://www.queenalice.com/game.php?id=1112637"]
[Date "2012.10.15"]
[Round "-"]
[White "rodrigohuii"]
[Black "zmanomega"]
[Result "1-0"]
[WhiteElo "1612"]
[BlackElo "1449"]

1. e4 e5 2. Nf3 d6 3. Bb5+ c6 4. Bd3 Qe7 5. b4 b5 6. c4 a6 7. Ba3 Bg4 8. O-O Qe6
9. Be2 h6 10. c5 Nf6 11. Nc3 Nh5 12. h3 Bxf3 13. Bxf3 dxc5 14. bxc5 Nf4 15. Ne2
Qg6 16. Nxf4 Qf6 17. Nh5 Qe7 18. Rc1 g6 19. Ng3 a5 20. Bb2 Qa7 21. Bxe5 Rh7 22.
a4 b4 23. Bxb8 Rxb8 24. e5 b3 25. Bxc6+ Ke7 26. Bb5 Rc8 27. Qxb3 Rxc5 28. Qa3
Kd8 29. Qd3+ Kc7 30. Ne4 Rxc1 31. Rxc1+ Kb7 32. Qd7+ 1-0

[Event "AUTO-OPEN-2818"]
[Site "http://www.queenalice.com/game.php?id=1112702"]
[Date "2012.10.15"]
[Round "1"]
[White "ednaldo_trajano"]
[Black "rodrigohuii"]
[Result "1-0"]
[WhiteElo "2410"]
[BlackElo "1614"]

1. d4 g6 2. c4 Bg7 3. Nf3 d5 4. e3 Bg4 5. Nc3 c6 6. Qb3 Qc7 7. cxd5 cxd5 8. Nxd5
Qc6 9. Bb5 Qxb5 10. Qxb5+ Bd7 11. Qxb7 Bc6 12. Qc8# 1-0

[Event "AUTO-OPEN-2818"]
[Site "http://www.queenalice.com/game.php?id=1112703"]
[Date "2012.10.15"]
[Round "1"]
[White "rodrigohuii"]
[Black "ednaldo_trajano"]
[Result "0-1"]
[WhiteElo "1636"]
[BlackElo "2441"]

1. e4 e6 2. d4 d5 3. exd5 exd5 4. Qe2+ Be7 5. Bg5 Nc6 6. Nf3 h6 7. Bh4 Bg4 8.
Bxe7 Ngxe7 9. h3 Nxd4 10. Qd3 Nxf3+ 11. gxf3 Bf5 12. Qb5+ c6 13. Qb3 Ng6 14. Bd3
Bxd3 15. Qxd3 O-O 16. Nd2 Nf4 17. Qf5 Re8+ 18. Kf1 Qh4 19. Qe5 Rxe5 0-1

[Event "AUTO-OPEN-2841"]
[Site "http://www.queenalice.com/game.php?id=1121481"]
[Date "2012.11.12"]
[Round "1"]
[White "reivipviana"]
[Black "rodrigohuii"]
[Result "1-0"]
[WhiteElo "1430"]
[BlackElo "1661"]

1. e4 e5 2. Nf3 d6 3. Bd3 Bg4 4. h3 Bh5 5. g4 Bg6 6. h4 h5 7. g5 f6 8. gxf6 Nxf6
9. c4 Bxe4 10. Bxe4 Nxe4 11. d3 Nc5 12. b4 Ne6 13. Qa4+ Qd7 14. b5 a6 15. Qa3 d5
16. Qc3 d4 17. Qc2 Bb4+ 18. Bd2 1-0

[Event "AUTO-OPEN-2841"]
[Site "http://www.queenalice.com/game.php?id=1121482"]
[Date "2012.11.12"]
[Round "1"]
[White "rodrigohuii"]
[Black "reivipviana"]
[Result "0-1"]
[WhiteElo "1634"]
[BlackElo "1445"]

1. e4 e5 2. Nf3 f6 3. Bc4 Ne7 4. d4 c6 5. dxe5 b5 6. exf6 bxc4 7. fxe7 Qxe7 8.
Nc3 d5 9. e5 Bg4 10. Bf4 h6 11. h3 Bxf3 12. Qxf3 g5 13. Bh2 Nd7 14. Qf5 Nxe5 15.
Bxe5 Bg7 16. Qg6+ Kd7 17. Qxg7 Qxg7 18. Bxg7 Rhe8+ 0-1

[Event "AUTO-OPEN-2841"]
[Site "http://www.queenalice.com/game.php?id=1121529"]
[Date "2012.11.12"]
[Round "1"]
[White "rodrigohuii"]
[Black "alvm"]
[Result "0-1"]
[WhiteElo "1636"]
[BlackElo "1856"]

1. e4 Nf6 2. d3 e5 3. Bg5 Be7 4. Nf3 Nc6 5. d4 d6 6. Bb5 O-O 7. Bxc6 bxc6 8.
dxe5 dxe5 9. Qxd8 Rxd8 10. Nxe5 Bb7 11. O-O Nxe4 12. Bxe7 Re8 13. Nxc6 Bxc6 14.
Ba3 Rad8 0-1

[Event "AUTO-OPEN-2841"]
[Site "http://www.queenalice.com/game.php?id=1121530"]
[Date "2012.11.12"]
[Round "1"]
[White "alvm"]
[Black "rodrigohuii"]
[Result "1-0"]
[WhiteElo "1847"]
[BlackElo "1636"]

1. d4 e6 2. c4 d5 3. Nc3 Bb4 4. Nf3 Bxc3+ 5. bxc3 dxc4 6. e4 Nf6 7. Bg5 e5 8.
Bxc4 exd4 9. cxd4 Qe7 10. O-O h6 11. Bh4 g5 12. Bg3 Nxe4 13. Re1 Nc3 14. Rxe7+
1-0